| 000 | 01484cab a2200217 4500 | ||
|---|---|---|---|
| 001 | L136437 | ||
| 008 | 070131n2006 000 0 eng u | ||
| 035 | _a(Sirsi) u136437 | ||
| 041 | 0 | _aeng | |
| 050 | 4 | 0 | _a306.3 $2 18 |
| 110 | 1 |
_aUnited Kingdom _bDepartment for Communities and Local Government _94939 |
|
| 245 | 0 | 0 |
_aHousing investment in the regions _bconsultation paper and technical note _h[electronic resource] |
| 260 |
_aLondon _bDCLG _c2006 |
||
| 520 | _aThe Regional Housing Pot (RHP) was established as part of the new arrangements for housing funding set up by the Sustainable Communities Plan. In the years 2008-11, funding for the delivery of the necessary objectives will be allocated to local authorities and registered social landlords on advice from the English Regional Assemblies and, in London, the Mayor. However, the division of the RHP between Regions is arrived at by means of a formula reflecting key policy objectives. This paper sets out proposals for each of the indicators to be used in this formula to represent the policy objectives which UK government seeks to support through RHP funding. | ||
| 650 | 2 | 4 | _aDCLG REGIONAL HOUSING POT |
| 650 | 2 | 4 | _aSUSTAINABLE COMMUNITIES PLAN |
| 651 | 4 |
_aEngland _y886- |
|
| 690 | _aPROPERTY-RESIDENTIAL PROPERTY-RESIDENTIAL PROPERTY FINANCE AND INVESTMENT | ||
| 856 | 4 | 0 |
_uhttps://www.communities.gov.uk/index.asp?id=1504702 _zView the consultation paper free of charge at www.communities.gov.uk... |
| 942 | _n0 | ||
| 999 |
_c106393 _d106393 |
||